| 000 | 00342nam a22001457a 4500 | ||
|---|---|---|---|
| 003 | SGT | ||
| 020 | _a9789380456522 | ||
| 082 |
_a371.262 _bRAG |
||
| 100 | _aRAGHUVANSHI , S K | ||
| 245 | _aGUIDE TO LLM ENTRANCE EXAMINATIONS | ||
| 250 | _a01 | ||
| 260 |
_aFARIDABAD _bNEW ERA LAW PUBLISHER _c2022 |
||
| 300 | _aXX ,1208 | ||
| 942 |
_2ddc _cBK _07 |
||
| 999 |
_c23992 _d23992 |
||